<?xml version="1.0" encoding="UTF-8"?>
<record
    xmlns:xsi="http://www.w3.org/2001/XMLSchema-instance"
    xsi:schemaLocation="http://www.loc.gov/MARC21/slim http://www.loc.gov/standards/marcxml/schema/MARC21slim.xsd"
    xmlns="http://www.loc.gov/MARC21/slim">

  <leader>06156nam a2200505Ia 4500</leader>
  <controlfield tag="001">dia_6349</controlfield>
  <controlfield tag="003">CHAP</controlfield>
  <controlfield tag="005">20240813181806.0</controlfield>
  <controlfield tag="007">ta</controlfield>
  <controlfield tag="008">220117s2016    mx ad  frm    001 0 spa d</controlfield>
  <datafield tag="010" ind1=" " ind2=" ">
    <subfield code="a">177774</subfield>
  </datafield>
  <datafield tag="040" ind1=" " ind2=" ">
    <subfield code="c">CHAP</subfield>
    <subfield code="a">mxchpua</subfield>
    <subfield code="e">rda</subfield>
  </datafield>
  <datafield tag="041" ind1="0" ind2=" ">
    <subfield code="a">spa</subfield>
    <subfield code="b">eng</subfield>
  </datafield>
  <datafield tag="090" ind1=" " ind2=" ">
    <subfield code="a">Tesis </subfield>
    <subfield code="b">R46 </subfield>
    <subfield code="c">2016</subfield>
  </datafield>
  <datafield tag="100" ind1="1" ind2=" ">
    <subfield code="a">Rend&#xF3;n Rosales, Miguel &#xC1;ngel</subfield>
  </datafield>
  <datafield tag="245" ind1="1" ind2="0">
    <subfield code="a">Actividad antitromb&#xF3;tica in vitro de leches fermentadas por cepas espec&#xED;ficas de baterias &#xE1;cido l&#xE1;cticas /</subfield>
    <subfield code="c">Miguel &#xC1;ngel Rend&#xF3;n Rosales</subfield>
  </datafield>
  <datafield tag="264" ind1=" " ind2=" ">
    <subfield code="a">Chapingo, M&#xE9;xico :</subfield>
    <subfield code="b">El autor,</subfield>
    <subfield code="c">2016</subfield>
  </datafield>
  <datafield tag="300" ind1=" " ind2=" ">
    <subfield code="a">xi, 60 hojas :</subfield>
    <subfield code="b">ilustraciones, gr&#xE1;ficas, diagramas, tablas +</subfield>
    <subfield code="e">1 CD-ROM</subfield>
  </datafield>
  <datafield tag="336" ind1=" " ind2=" ">
    <subfield code="2">rdacontent</subfield>
    <subfield code="a">texto</subfield>
    <subfield code="b">txt</subfield>
  </datafield>
  <datafield tag="337" ind1=" " ind2=" ">
    <subfield code="2">rdamedia</subfield>
    <subfield code="a">no mediado</subfield>
    <subfield code="b">n</subfield>
  </datafield>
  <datafield tag="338" ind1=" " ind2=" ">
    <subfield code="2">rdacarrier</subfield>
    <subfield code="a">volumen</subfield>
    <subfield code="b">nc</subfield>
  </datafield>
  <datafield tag="500" ind1=" " ind2=" ">
    <subfield code="a">El CD contiene presentaci&#xF3;n y reporte.</subfield>
  </datafield>
  <datafield tag="502" ind1=" " ind2=" ">
    <subfield code="a">Tesis </subfield>
    <subfield code="b">(Ingeniero Agroindustrial) -- </subfield>
    <subfield code="c">UACh. Departamento de Ingenier&#xED;a Agroindustrial, </subfield>
    <subfield code="d">2016</subfield>
  </datafield>
  <datafield tag="504" ind1=" " ind2=" ">
    <subfield code="a">Bibliograf&#xED;a: hojas 51-59</subfield>
  </datafield>
  <datafield tag="520" ind1="3" ind2=" ">
    <subfield code="a">De acuerdo con la Organizaci&#xF3;n Mundial de la Salud (OMS), las enfermedades cardiovasculares son la principal causa de muerte en todo el mundo. Entre estas enfermedades, la trombosis es la patolog&#xED;a subyacente m&#xE1;s importante que puede causar infartos al miocardio. Para su prevenci&#xF3;n, se recurren a f&#xE1;rmacos anticoagulantes; sin embargo, se ha visto que estos pueden ser costosos y algunas veces presentan efectos secundarios. Por lo anterior, se ha sugerido buscar alternativas no farmacol&#xF3;gicas que contribuyan a disminuir este riesgo. Estudios recientes han demostrado que algunos alimentos pueden actuar inhibiendo la formaci&#xF3;n de trombos, tal es el caso de la leche y los productos l&#xE1;cteos. Recientemente se ha reportado que ciertos p&#xE9;ptidos generados debido la hidr&#xF3;lisis de las prote&#xED;nas por parte de las bacterias &#xE1;cido l&#xE1;cticas (BAL) en las leches fermentadas, presentan diferentes actividades biol&#xF3;gicas tal como la antitromb&#xF3;tica. Por lo anterior, el presente trabajo tuvo como objetivo evaluar la actividad antitromb&#xF3;tica de extractos acuosos provenientes de leches fermentadas por BAL espec&#xED;ficas. Para lograr el objetivo, se emplearon cuatro cepas de Lactobacillus y seis de Enterococcus, las cuales fueron seleccionadas con base a su actividad proteol&#xED;tica en leche de un total de 50 cepas previamente aisladas de Queso de Poro de Balanc&#xE1;n, Tabasco. Para la determinaci&#xF3;n de la actividad antitromb&#xF3;tica, se determin&#xF3; la capacidad (%) y eficiencia de inhibici&#xF3;n (IER) de la coagulaci&#xF3;n catalizada por trombina. Se emplearon extractos crudos y ultrafiltrados (3KDa y 10KDa) preparados a partir de leches fermentadas por las 10 diferentes cepas a 48 h de fermentaci&#xF3;n. Los extractos &lt;10KDa de las cepas 9 y 12 presentaron la mayor capacidad de inhibici&#xF3;n de trombina, con un porcentaje de inhibici&#xF3;n de 49% para ambos. Sin embargo, la mayor eficiencia de inhibici&#xF3;n fue presentada por los extractos &lt; 3KDa de las cepas 9, 47, 50 y 56, al requerir concentraciones m&#xED;nimas pept&#xED;dicas de 0.53, 0.57, 0.74 y 0.62, mg mL-1, respectivamente, para inhibir parcialmente el co&#xE1;gulo. Por lo anterior, la cepa 9 (Lactobacillus) y 47, 50 y 56 (Enterococcus), podr&#xED;an ser utilizadas para la producci&#xF3;n de leches fermentadas con efecto antitromb&#xF3;tico. --</subfield>
  </datafield>
  <datafield tag="520" ind1="3" ind2=" ">
    <subfield code="a">According to the WHO, cardiovascular diseases are the most important cause of global mortality. Thrombosis, is a common pathology causing ischemic heart disease, thus, to prevent this, antiplatelet drugs are used. However, it has been reported that this treatments can be expensive and sometimes have side effects. Therefore, it has been suggested that non-pharmacological alternatives can help reduce this risk. Recent studies have shown that some foods can act to inhibit thrombus formation, such as milk and dairy products. Recently it has been reported that certain peptides generated by the hydrolysis of proteins by lactic acid bacteria (LAB) in fermented milk, have different biological activities such as the antithrombotic activity. For these reasons, the objective of the present study was to evaluate the antithrombotic activity of aqueous extracts from milk, fermented by specific lactic acid bacteria. To achieve this objective, four strains of Lactobacillus and six of Enterococcus were used, these strains were evaluated and selected based on their proteolytic activity in milk from a total of 50 strains previously isolated from Tabasco Poro cheese. For the determination of the antithrombotic activity, the percentage (%) and efficiency of thrombin inhibition (IER) were determined. Two different ultrafiltered extracts were used (smaller than 10 kDa, and 3 kDa) and also a crude extract (without ultrafiltration) was evaluated. These extracts was prepared from milk with 48 h of fermentation. In the evaluation, &lt;10 kDa extracts from strains 9 and 12 had the highest thrombin inhibition, which corresponds to 49% of inhibition. However, the highest efficiency of inhibition was presented by &lt;3 kDa extracts from strains 9, 47, 50 and 56, requiring minimum peptide concentrations of 0.53, 0.57, 0.74 and 0.62 mg mL-1, respectively, to inhibit clotting partially. According to the results, strains 9, 47, 50 and 56, could be used for the production of fermented milks with antithrombotic effect.</subfield>
  </datafield>
  <datafield tag="650" ind1="1" ind2="3">
    <subfield code="a">Cepas</subfield>
    <subfield code="x">Bacterias del &#xE1;cido l&#xE1;ctico  </subfield>
    <subfield code="2">atg</subfield>
  </datafield>
  <datafield tag="650" ind1="1" ind2="3">
    <subfield code="a">Fermentaci&#xF3;n l&#xE1;ctica  </subfield>
    <subfield code="2">atg</subfield>
  </datafield>
  <datafield tag="650" ind1="1" ind2="3">
    <subfield code="a">Leche fermentada  </subfield>
    <subfield code="2">atg</subfield>
  </datafield>
  <datafield tag="650" ind1="1" ind2="3">
    <subfield code="a">Trombina</subfield>
    <subfield code="x">Inhibici&#xF3;n ezim&#xE1;tica  </subfield>
    <subfield code="2">atg</subfield>
  </datafield>
  <datafield tag="650" ind1="1" ind2="3">
    <subfield code="a">Fermented milk  </subfield>
    <subfield code="2">atg</subfield>
  </datafield>
  <datafield tag="650" ind1="1" ind2="3">
    <subfield code="a">Lactic fermentation  </subfield>
    <subfield code="2">atg</subfield>
  </datafield>
  <datafield tag="650" ind1="1" ind2="3">
    <subfield code="a">Strains</subfield>
    <subfield code="x">Lactic acid bacteria</subfield>
    <subfield code="2">atg</subfield>
  </datafield>
  <datafield tag="650" ind1="1" ind2="3">
    <subfield code="a">Thrombin</subfield>
    <subfield code="x">Enzyme inhibicion  </subfield>
    <subfield code="2">atg</subfield>
  </datafield>
  <datafield tag="700" ind1="1" ind2=" ">
    <subfield code="a">Vallejo Galland, Belinda</subfield>
    <subfield code="e">directora</subfield>
  </datafield>
  <datafield tag="700" ind1="1" ind2=" ">
    <subfield code="a">Sandoval Castilla, Ofelia</subfield>
    <subfield code="e">asesora</subfield>
  </datafield>
  <datafield tag="700" ind1="1" ind2=" ">
    <subfield code="a">Santos Moreno, Armando</subfield>
    <subfield code="e">asesor</subfield>
  </datafield>
  <datafield tag="856" ind1="4" ind2="1">
    <subfield code="u">http://10.13.5.2/tesis/sist112800.pdf</subfield>
    <subfield code="y">DESCARGAR PDF</subfield>
  </datafield>
  <datafield tag="901" ind1=" " ind2=" ">
    <subfield code="a">TESIS R46 2016</subfield>
  </datafield>
  <datafield tag="902" ind1=" " ind2=" ">
    <subfield code="a">M</subfield>
  </datafield>
  <datafield tag="905" ind1=" " ind2=" ">
    <subfield code="a">5232272016                          mx nml 8223123322spa16</subfield>
  </datafield>
  <datafield tag="942" ind1=" " ind2=" ">
    <subfield code="c">TESIS</subfield>
    <subfield code="2">Clasificaci&#xF3;n Universidad Aut&#xF3;noma Chapingo</subfield>
  </datafield>
  <datafield tag="999" ind1=" " ind2=" ">
    <subfield code="c">177774</subfield>
    <subfield code="d">177774</subfield>
  </datafield>
  <datafield tag="952" ind1=" " ind2=" ">
    <subfield code="0">0</subfield>
    <subfield code="1">0</subfield>
    <subfield code="2">local</subfield>
    <subfield code="4">0</subfield>
    <subfield code="5">1</subfield>
    <subfield code="7">0</subfield>
    <subfield code="8">TESIS</subfield>
    <subfield code="a">IA_</subfield>
    <subfield code="b">IA_</subfield>
    <subfield code="d">2022-01-18</subfield>
    <subfield code="e">El autor</subfield>
    <subfield code="l">0</subfield>
    <subfield code="o">Tesis R46 2016</subfield>
    <subfield code="p">1101002754</subfield>
    <subfield code="r">2022-01-18 00:00:00</subfield>
    <subfield code="t">Ej. 2</subfield>
    <subfield code="w">2022-01-18</subfield>
    <subfield code="y">CD</subfield>
  </datafield>
  <datafield tag="952" ind1=" " ind2=" ">
    <subfield code="0">0</subfield>
    <subfield code="1">0</subfield>
    <subfield code="2">local</subfield>
    <subfield code="4">0</subfield>
    <subfield code="5">1</subfield>
    <subfield code="7">0</subfield>
    <subfield code="8">TESIS</subfield>
    <subfield code="a">IA_</subfield>
    <subfield code="b">IA_</subfield>
    <subfield code="d">2022-01-18</subfield>
    <subfield code="e">El autor</subfield>
    <subfield code="l">0</subfield>
    <subfield code="o">Tesis R46 2016</subfield>
    <subfield code="p">1101002697</subfield>
    <subfield code="r">2026-02-02 00:00:00</subfield>
    <subfield code="t">Ej. 1</subfield>
    <subfield code="w">2022-01-18</subfield>
    <subfield code="y">TESIS</subfield>
  </datafield>
  <datafield tag="952" ind1=" " ind2=" ">
    <subfield code="0">0</subfield>
    <subfield code="1">0</subfield>
    <subfield code="2">local</subfield>
    <subfield code="4">0</subfield>
    <subfield code="7">0</subfield>
    <subfield code="8">TesDigL</subfield>
    <subfield code="a">IA_</subfield>
    <subfield code="b">IA_</subfield>
    <subfield code="c">E_L</subfield>
    <subfield code="d">2024-08-13</subfield>
    <subfield code="e">El autor</subfield>
    <subfield code="l">0</subfield>
    <subfield code="p">1201002697</subfield>
    <subfield code="r">2024-08-13 19:19:47</subfield>
    <subfield code="w">2024-08-13</subfield>
    <subfield code="y">TD</subfield>
  </datafield>
</record>
